Szczegóły MARC21

Koła samopomocy rodzin z dziećmi niepełnosprawnymi : szkice monograficzne : praca zbiorowa /

003 -Nazwa inst., której nr kontr. jest w polu 001 [,]
    • @
    • Nazwa instytucji, której n kontrolny jest w polu 001
    • NUKAT
005 -DATA I CZAS OSTATNIEJ MODYFIKACJI [,]
    • @
    • pole kontrolne
    • 20241231093537.0
040 -Instytucja sporządzająca opis [ , ]
    • a
    • Instytucja, która sporządziła opis (NP)
    • GD U/TZ
    • c
    • Instytucja, która sporządziła rekord (NP)
    • GD U/TZ
    • d
    • Instytucja, która zmodyfikowała rekord (P)
    • GD U/TZ
    • d
    • Instytucja, która zmodyfikowała rekord (P)
    • Ł U/AG
    • d
    • Instytucja, która zmodyfikowała rekord (P)
    • Ł U/MRs
    • d
    • Instytucja, która zmodyfikowała rekord (P)
    • KAT U/MoKus
942 -Rodzaj dokumentu [ , ]
    • c
    • Rodzaj dokumentu
    • Książka
245 -Strefa tytułu i oznaczenia odpowiedzialności [0,0]
    • a
    • Tytuł
    • Koła samopomocy rodzin z dziećmi niepełnosprawnymi : Find
    • b
    • Ciąg dalszy tytułu (NP)
    • szkice monograficzne : praca zbiorowa / Find
    • c
    • Pozostałe elementy strefy tytułu i oznaczenia odpowiedzialności (NP)
    • pod red. Jerzego Drążkiewicza ; Uniwersytet Warszawski. Instytut Polityki Społecznej.
260 -Strefa adresu wydawniczego [ , ]
    • a
    • Miejsce wydania (P)
    • Warszawa :
    • b
    • Nazwa wydawcy (P)
    • Ośrodek Badań Społecznych,
    • c
    • Data wydania (P)
    • 1992.
300 -Strefa opisu fizycznego [ , ]
    • a
    • Określenie formy książki i/lub objętość (NP)
    • 106 s. ;
    • c
    • Format (NP)
    • 21 cm.
336 -Typ zawartości [ , ]
    • a
    • Termin opisujący typ zawartości
    • Tekst
    • b
    • Kod określający zawartość
    • txt
    • 2
    • Źródło (terminu i kodu)
    • rdacontent
337 -Typ mediów [ , ]
    • a
    • Tryb odtwarzania
    • Bez urządzenia pośredniczącego
    • b
    • Kod typu mediów
    • n
    • 2
    • Źródło (terminu i kodu)
    • rdamedia
338 -Typ/rodzaj nośnika [ , ]
    • a
    • Hasło opisujące typ nośnika
    • Wolumin
    • b
    • Kod typu nośnika
    • nc
    • 2
    • Źródło (terminu i kodu)
    • rdacarrier
490 -Strefa serii i książki wielotomowej - forma nie do wyszukiwania [1, ]
    • a
    • Tytuł (P)
    • Centralny Program Badań Podstawowych. 09.09, Polityka Społeczna w Polsce. 09.09.01, Postęp i Regres Społeczny Find
490 -Strefa serii i książki wielotomowej - forma nie do wyszukiwania [1, ]
    • a
    • Tytuł (P)
    • Studia nad Kwestiami Społecznymi Find
830 -Hasło dodatkowe serii i opisu książki wielotomowej - tytuł ujednolicony/tytuł [ ,0]
    • a
    • Tytuł ujednolicony/tytuł (NP)
    • Centralny Program Badań Podstawowych.
    • n
    • Oznaczenie części/podserii/sekcji (P)
    • 09.09,
    • p
    • Nazwa części/podserii/sekcji (P)
    • Polityka Społeczna w Polsce.
    • n
    • Oznaczenie części/podserii/sekcji (P)
    • 09.09.01,
    • p
    • Nazwa części/podserii/sekcji (P)
    • Postęp i Regres Społeczny
    • 9
    • KHW
    • 99194
830 -Hasło dodatkowe serii i opisu książki wielotomowej - tytuł ujednolicony/tytuł [ ,0]
    • a
    • Tytuł ujednolicony/tytuł (NP)
    • Studia nad Kwestiami Społecznymi
    • 9
    • KHW
    • 59782
504 -Uwaga dot. bibliogr. załącznikowej [ , ]
    • a
    • Uwaga dot. bibliografii załącznikowej
    • Bibliogr. przy rozdz.
080 -Uniwersalna Klasyfikacja Dziesiętna [ , ]
    • 2
    • Identyfikator wydania tablic
    • UDC-P058
    • 9
    • UKD
    • 2422
    • a
    • Symbol klasyfikacji
    • 159.922.76-056.36
    • b
    • Dopowiedzenie
    • Dzieci niepełnosprawne umysłowo.
    • 4
    • UKD2
    • 7642
    • x
    • Poddział wspólny
    • (438)
    • c
    • Dopowiedzenie poddz. wspólnego
    • (Polska).
080 -Uniwersalna Klasyfikacja Dziesiętna [ , ]
    • 2
    • Identyfikator wydania tablic
    • UDC-P058
    • 9
    • UKD
    • 2330
    • a
    • Symbol klasyfikacji
    • 061.2
    • b
    • Dopowiedzenie
    • Organizacje nierządowe. Instytucje i stowarzyszenia półurzędowe i prywatne, zawodowe.
    • 4
    • UKD2
    • 7642
    • x
    • Poddział wspólny
    • (438)
    • c
    • Dopowiedzenie poddz. wspólnego
    • (Polska).
080 -Uniwersalna Klasyfikacja Dziesiętna [ , ]
    • 2
    • Identyfikator wydania tablic
    • UDC-P058
    • 9
    • UKD
    • 3841
    • a
    • Symbol klasyfikacji
    • 37.018.1
    • b
    • Dopowiedzenie
    • Wychowanie w domu. Wychowanie w rodzinie. Pedagogika rodzinna.
    • 4
    • UKD2
    • 7642
    • x
    • Poddział wspólny
    • (438)
    • c
    • Dopowiedzenie poddz. wspólnego
    • (Polska).
650 -Hasło przedmiotowe [ ,7]
    • a
    • Hasło przedmiotowe
    • Rodzice dzieci z niepełnosprawnością
    • x
    • Określnik rzeczowy
    • towarzystwa
    • z
    • Określnik geograficzny
    • Polska.
    • 2
    • Źródło terminu
    • kaba
    • 9
    • KHW
    • 354170
650 -Hasło przedmiotowe [ ,7]
    • a
    • Hasło przedmiotowe
    • Wykluczenie społeczne
    • x
    • Określnik rzeczowy
    • zapobieganie.
    • 2
    • Źródło terminu
    • kaba
    • 9
    • KHW
    • 364958
650 -Hasło przedmiotowe [ ,7]
    • a
    • Hasło przedmiotowe
    • Dzieci z niepełnosprawnością
    • x
    • Określnik rzeczowy
    • opieka i pomoc.
    • 2
    • Źródło terminu
    • kaba
    • 9
    • KHW
    • 375883
650 -Hasło przedmiotowe [ ,7]
    • a
    • Hasło przedmiotowe
    • Opieka społeczna nad rodziną.
    • 2
    • Źródło terminu
    • kaba
    • 9
    • KHW
    • 122449
980 -Symbol UKD [ , ]
    • a
    • UKD
    • 159.922.76-056.36:061.2:37.018.1](438)
700 -Hasło dodatkowe - nazwa osobowa [1, ]
    • a
    • Nazwa osobowa (NP)
    • Drążkiewicz, Jerzy. Find
    • e
    • Określenie rodzaju współpracy
    • Red.
    • 9
    • KHW
    • 28330
710 -Hasło dodatkowe - nazwa ciała zbiorowego [2, ]
    • a
    • Nazwa ciała zbiorowego lub nazwa geograficzna jako pierwszy element (NP)
    • Uniwersytet Warszawski.
    • b
    • Nazwa jednostki podrzędnej (P)
    • Ośrodek Badań Społecznych.
    • 4
    • Kod relacji
    • pbl
    • 9
    • KHW
    • 59407
Numer inwentarzowy Data inwentaryzacji Status udost. Sygnatura Lokalizacja
Pd.75201997-01-011 BG
Pd.64511997-01-012BWTeologiiTH